000 01497cam a22004097a 4500
003 CHAP
005 20220329142754.0
008 030825s2003 mx r 00010 spa d
010 _a87590
011 _a88562
035 _a99107
040 _cCHAP
090 _aTesis
100 0 0 _aCruz Morán, Julián Israel.
_929519
245 1 0 _aAnálisis de la producción y rentabilidad del cultivo de hongo seta en el estado de México
_c/por Julián Israel Cruz Morán
260 _aChapingo, Méx. :
_bEl autor,
_c2003.
300 _a64 h.
502 _aTesis (Ing. Agr. Esp. en Fitotecnia) -- UACH. Departamento de Fitotecnia
530 _aTambién disponible en línea
590 _aALEPH
_b10
_c20130110
_lUCH01
_h1455
590 _aBATCH-UPD
_b10
_c20130110
_lUCH01
_h0728
590 _aBATCH-UPD
_b10
_c20130410
_lUCH01
_h0411
590 _aBATCH-UPD
_b10
_c20130914
_lUCH01
_h1106
590 _aBATCH-UPD
_b10
_c20140324
_lUCH01
_h1440
590 _aBATCH-UPD
_b10
_c20141002
_lUCH01
_h0819
590 _aCONVERSION
_b10
_c20130109
_lUCH01
_h1349
650 1 4 _aHongos
_xMéxico (Edo.)
_956109
650 1 4 _aSetas.
_9105368
650 1 4 _aSetas
_xCostos de producción.
_9105372
650 1 4 _aSetas
_xRendimiento.
_9105381
856 _3Finding aid
_uhttp://10.13.5.2/tesis/99107.pdf
_zTeclea aqui
901 _aBK
905 _aAlejandra Carrasco M.
942 _cFOLL
949 _aTesis
_bBC
_cTES
_d33724000898524
_eTS2
_fc.2
_h41280
_i99107
_si
949 _aTesis
_bBC
_cTES
_d991071
_eTS1
_h41279
_i99107
_sb
999 _c87590
_d87590